000 00545nam a22001817a 4500
005 20251108165848.0
008 250721s1986 xx 000 0 ara d
082 1 4 _aم/616.03/دلي
100 1 _aبيدس، اميل خليل
_eمترجم
245 1 0 _aدليل الأمراض النفسية و البدنية /
264 1 _aبيروت :
_bدار الأفاق الجديدة،
_c1986.
300 _a371ص
650 1 7 _aالأمراض
650 1 7 _aالقواميس
650 1 7 _aالمصطلحات
942 _2ddc
_cREF
999 _c33225
_d33225